000 00337nam a22001457a 4500
003 OSt
008 250505b |||||||| |||| 00| 0 eng d
082 _a294.544 SHA
100 _aSHARMA, Surender Kumar
245 _aAnant ki Aur
250 _a11th
260 _aNew Delhi
_bArya Prakashan
_c2011
650 _aGeneral
942 _2ddc
_cBK
999 _c13530
_d13530